Social history of an Indian caste : (Record no. 1848604)

MARC details
000 -LEADER
fixed length control field 01350cam a2200361 i 4500
001 - CONTROL NUMBER
control field 2235596
005 - DATE AND TIME OF LATEST TRANSACTION
control field 20260508163122.0
008 - FIXED-LENGTH DATA ELEMENTS--GENERAL INFORMATION
fixed length control field 790214s1978 cauaf b 001 0 eng
010 ## - LIBRARY OF CONGRESS CONTROL NUMBER
LC control number 76052031
020 ## - INTERNATIONAL STANDARD BOOK NUMBER
International Standard Book Number 0520034317
020 ## - INTERNATIONAL STANDARD BOOK NUMBER
International Standard Book Number 9780520034310
035 ## - SYSTEM CONTROL NUMBER
System control number 2235596
040 ## - CATALOGING SOURCE
Original cataloging agency DLC
Transcribing agency DLC
Modifying agency DLC
043 ## - GEOGRAPHIC AREA CODE
Geographic area code a-ii---
050 00 - LIBRARY OF CONGRESS CALL NUMBER
Classification number DS432.K29
Item number L46
084 ## - COLON CLASSIFICATION NUMBER
Classification number Y58235:1.225 L8;R0 (RR)
Assigning agency CRL
100 1# - MAIN ENTRY--PERSONAL NAME
Personal name Leonard, Karen Isaksen,
Dates associated with a name 1939-
9 (RLIN) 1238911
245 10 - TITLE STATEMENT
Title Social history of an Indian caste :
Remainder of title the Kayasths of Hyderabad
250 ## - EDITION STATEMENT
Edition statement 3rd ed.
260 ## - PUBLICATION, DISTRIBUTION, ETC.
Place of publication, distribution, etc. Berkeley :
Name of publisher, distributor, etc. University of California Press,
Date of publication, distribution, etc. 2020.
300 ## - PHYSICAL DESCRIPTION
Extent xvii, 353 p., [1] leaf of plates :
Other physical details ill. ;
Dimensions 24 cm.
336 ## - CONTENT TYPE
Content type term text
Content type code txt
Source rdacontent
337 ## - MEDIA TYPE
Media type term unmediated
Media type code n
Source rdamedia
338 ## - CARRIER TYPE
Carrier type term volume
Carrier type code nc
Source rdacarrier
500 ## - GENERAL NOTE
General note Includes index.
504 ## - BIBLIOGRAPHY, ETC. NOTE
Bibliography, etc. note Bibliography: p. 313-330.
650 #0 - SUBJECT ADDED ENTRY--TOPICAL TERM
Topical term or geographic name entry element Kayasthas
9 (RLIN) 1238912
651 #0 - SUBJECT ADDED ENTRY--GEOGRAPHIC NAME
Geographic name Hyderabad (India : State)
General subdivision Politics and government.
9 (RLIN) 1238913
906 ## - LOCAL DATA ELEMENT F, LDF (RLIN)
a 7
b cbc
c orignew
d 2
e ocip
f 19
g y-gencatlg
942 ## - ADDED ENTRY ELEMENTS (KOHA)
Source of classification or shelving scheme Colon Classification (CC)
Koha item type Reference
Edition 3rd Ed.
Classification part Y58235:1.225 L8;R0 (RR)
Holdings
Withdrawn status Lost status Source of classification or shelving scheme Damaged status Not for loan Home library Current library Date acquired Source of acquisition Cost, normal purchase price Inventory number Total Checkouts Full call number Barcode Date last seen Price effective from Koha item type
    Colon Classification (CC)     Central Library Central Library 2026-04-28 Orient Blackswan Private Limited 1660.00 000906 & 2026-03-23   Y58235:1.225 L8;R0 CL1926686 2026-04-28 2026-04-28 Reference
Copyright @ Delhi University Library System